| 000 | 00699nam a2200193 4500 | ||
|---|---|---|---|
| 001 | 123631 | ||
| 003 | ES-MaACL | ||
| 005 | 20231204173724.0 | ||
| 007 | t| | ||
| 008 | 070214s1968 sp r ||||1| spa d | ||
| 245 | 0 | 0 |
_aRaíces de América / _cTorcuato Luca de Tena... [et al.] ; editor, José Manuel Gómez Tabanera. |
| 260 |
_aMadrid : _bInstituto Español de Antropología Aplicada, _c1968. |
||
| 300 |
_a561 p., 12 lám. ; _c22 cm. |
||
| 700 | 0 |
_aGómez-Tabanera, José Manuel, _d1926-2011 _958165 |
|
| 700 | 1 |
_aLuca de Tena, Torcuato, _d1923-1999 _974516 |
|
| 710 | 2 |
_aInstituto Español de Antropología Aplicada. _95035 |
|
| 852 |
_aES-MaACL _jC-34628 _bR.67194 |
||
| 999 |
_c123631 _d123631 |
||